<?xml version="1.0" encoding="UTF-8"?>
<record
    xmlns:xsi="http://www.w3.org/2001/XMLSchema-instance"
    xsi:schemaLocation="http://www.loc.gov/MARC21/slim http://www.loc.gov/standards/marcxml/schema/MARC21slim.xsd"
    xmlns="http://www.loc.gov/MARC21/slim">

  <leader>01202    a2200193   4500</leader>
  <controlfield tag="001">59424</controlfield>
  <controlfield tag="005">20260407155848.0</controlfield>
  <controlfield tag="008">260407a1967    arg                 spa d</controlfield>
  <controlfield tag="003">AR-UNSa-BCEJYS</controlfield>
  <datafield tag="040" ind1=" " ind2=" ">
    <subfield code="a">AR-UNSa-BCEJYS</subfield>
    <subfield code="b">spa</subfield>
    <subfield code="c">AR-UNSa-BCEJYS</subfield>
  </datafield>
  <datafield tag="080" ind1=" " ind2=" ">
    <subfield code="a">330.34(7/8)</subfield>
    <subfield code="x">Desarrollo Econ&#xF3;mico de Am&#xE9;rica Latina</subfield>
  </datafield>
  <datafield tag="245" ind1="1" ind2="0">
    <subfield code="a">La brecha comercial y la integrac&#xED;&#xF3;n latinoamericana</subfield>
  </datafield>
  <datafield tag="264" ind1=" " ind2="1">
    <subfield code="a">M&#xE9;xico :</subfield>
    <subfield code="b">Siglo XXI Editores</subfield>
    <subfield code="c">1967</subfield>
  </datafield>
  <datafield tag="300" ind1=" " ind2=" ">
    <subfield code="a">287 p.</subfield>
    <subfield code="c">24 cm.</subfield>
  </datafield>
  <datafield tag="505" ind1=" " ind2=" ">
    <subfield code="a">1. Finalidad del estudio y resumen de sus conclusiones principales &#x2013; 2. Exportaciones &#x2013; 3. Importaciones &#x2013; 4. La brecha comercial &#x2013; 5.  Implicaciones financieras de la brecha comercial &#x2013; 6. Objetivos y contenido de una pol&#xED;tica regional de desarrollo &#x2013; 7. Efectos de un programa regional de sustituci&#xF3;n de importaciones sobre la brecha del sector externo de Am&#xE9;rica Latina &#x2013; 8. Otras consideraciones acerca de una pol&#xED;tica de aceleraci&#xF3;n del desarrollo &#x2013; 9. Consecuencias de un m&#xE1;s intenso ritmo de crecimiento en el producto interno bruto</subfield>
  </datafield>
  <datafield tag="942" ind1=" " ind2=" ">
    <subfield code="c">BK</subfield>
  </datafield>
  <datafield tag="590" ind1=" " ind2=" ">
    <subfield code="a">niveau_biblio:m niveau_hierar:0</subfield>
  </datafield>
  <datafield tag="100" ind1="1" ind2=" ">
    <subfield code="a">Instituto Latinoamericano y del Caribe de Planificaci&#xF3;n Econ&#xF3;mica y Social (ILPES)</subfield>
  </datafield>
  <datafield tag="999" ind1=" " ind2=" ">
    <subfield code="c">6679</subfield>
    <subfield code="d">6679</subfield>
  </datafield>
  <datafield tag="952" ind1=" " ind2=" ">
    <subfield code="0">0</subfield>
    <subfield code="1">0</subfield>
    <subfield code="4">0</subfield>
    <subfield code="7">0</subfield>
    <subfield code="a">BCEJYS</subfield>
    <subfield code="b">BCEJYS</subfield>
    <subfield code="c">16</subfield>
    <subfield code="d">2026-04-07</subfield>
    <subfield code="l">0</subfield>
    <subfield code="o">330.34(7/8) I59</subfield>
    <subfield code="p">L23877</subfield>
    <subfield code="r">2026-04-07 15:58:48</subfield>
    <subfield code="w">2026-04-07</subfield>
    <subfield code="y">L</subfield>
  </datafield>
</record>
